000 01342nam a2200361 c 4500
003 BLK
005 20180422113553.0
008 180410b bul|||||r ||||||| ||bul||
010 _aKNG00165178000
020 _a978-619-150-090-1
_bиздат.: Колибри
040 _aBLK
041 _aBUL
_cBUL
072 7 _2bullib
_aН83
_xЧужда художествена литература Н
080 _aАнглийска литература
_b821.111
_x-31
_z821.111-31
100 1 _aМордън, Саймън
_eпърви автор
_999093
700 1 _aМитева, Петя
_eпрев. от англ.
_9381434
139 _aМордън, Саймън
_bМ 89
245 1 0 _aУравненията на живота
_cСаймън Мордън; прев. от англ. Петя Митева.
257 _aGBR
260 София
_bКолибри
_c2013
_fСофия : Симолини
300 _a287 с.
_c20 см
380 _aX
490 1 _aГалактики
_v3
500 _aISSN C633-363X. - Ориг. загл.: Equations of life / Simon Morden
653 _aфантастика
653 _aтрилъри
659 _aН
852 _aЦб 270864
856 4 _qpdf
_u
856 4 _qpdf
_u
942 _cKNG
_n0
944 _aCR
_c24.09.2014
_kПенка_Димитрова
944 _aED
_c28.06.2016
_kВиолета_Тройчева
999 _c158171
_d158171